Who Beat the Warriors? Quiz Stats

Quiz Updated Apr 21, 2016

Challenge
Share
Tweet
Embed
Score 0/9 Timer 01:30
6 Plays Today
Score Team % Correct
79-87San Antonio Spurs
87.4%
95-112Los Angeles Lakers
77.8%
106-109Boston Celtics
73.1%
95-108Milwaukee Bucks
72%
91-114Dallas Mavericks
58.3%
117-124Minnesota Timberwolves
58.3%
105-137Portland Trail Blazers
58.1%
95-113Detroit Pistons
45.8%
110-112Denver Nuggets
43.7%

You're not logged in!

Compare scores with friends on all Sporcle quizzes.
Sign Up with Email
OR
Log In

You Might Also Like...

Show Comments

Extras

Top Quizzes Today


Score Distribution

Your Account Isn't Verified!

In order to create a playlist on Sporcle, you need to verify the email address you used during registration. Go to your Sporcle Settings to finish the process.

Report this User

Report this user for behavior that violates our Community Guidelines.

Details: